000 00708nam a2200205 i 4500
001 123970
003 ES-MaACL
005 20250907063107.0
007 t|
008 070214s1927 sp r ||||1| spa d
100 1 _aVilla-Urrutia, Wenceslao Ramírez de Villa-Urrutia,
_cMarqués de,
_d1850-1933
_9114894
245 1 0 _aTeresa Cabarrús (Madame Tallien) /
_cMarqués de Villa-Urrutia.
260 _aMadrid :
_b[s. n.],
_c1927 (
_fTip. Artística)
300 _a173 p. :
_b3 retr. ;
_c23 cm.
490 1 _aMujeres de antaño
600 1 7 _aCabarrús y Gelabert, Teresa,
_d1773-1835
_2
_9157484
830 0 _aMujeres de antaño
_9218980
852 _aES-MaACL
_jA-4604
999 _c123970
_d123970